Aplicaciones de la estática

Bibliographic Details
Main Authors: Murrieta Necoechea, Antonio, Bacelis Esteva, Ramón, Mora, Fidel
Format: Section = Libro
Language:Undetermined
Spanish
Published: México Limusa/Wiley 1972
Subjects:
LEADER 00499nam a2200193Ia 4500
008 240829s9999 xx 000 0 und d
040 |a BIBLIOTECA-RUSB/ 620.103 M979 
041 |a spa 
082 |a 620.103 M979 
100 1 |a Murrieta Necoechea, Antonio  
100 1 |b  Bacelis Esteva, Ramón 
100 1 |c Mora, Fidel 
245 1 0 |a Aplicaciones de la estática 
260 |a México  |b Limusa/Wiley  |c 1972 
300 |a 509 p. :il. 
650 7 |a ESTATICA 
942 |c BK  |2 ddc 
991 |a TEXTO 
999 |c 2723